<?xml version="1.0" encoding="UTF-8"?>
<record
    xmlns:xsi="http://www.w3.org/2001/XMLSchema-instance"
    xsi:schemaLocation="http://www.loc.gov/MARC21/slim http://www.loc.gov/standards/marcxml/schema/MARC21slim.xsd"
    xmlns="http://www.loc.gov/MARC21/slim">

  <leader>00943na  a2200241   4500</leader>
  <controlfield tag="001">16483</controlfield>
  <controlfield tag="003">MIRAKIL</controlfield>
  <controlfield tag="005">20181213154947.0</controlfield>
  <controlfield tag="008">161007b        tu            000 0      </controlfield>
  <datafield tag="040" ind1=" " ind2=" ">
    <subfield code="a">Milas</subfield>
    <subfield code="b">tur</subfield>
    <subfield code="c">TR-AnCHP</subfield>
  </datafield>
  <datafield tag="041" ind1=" " ind2=" ">
    <subfield code="a">tur</subfield>
  </datafield>
  <datafield tag="082" ind1=" " ind2=" ">
    <subfield code="a">551.4805621425</subfield>
    <subfield code="b">M83m 2013 </subfield>
  </datafield>
  <datafield tag="090" ind1=" " ind2=" ">
    <subfield code="a">551.4805621425 M83m 2013 </subfield>
  </datafield>
  <datafield tag="110" ind1=" " ind2=" ">
    <subfield code="a">Mu&#x11F;la S&#x131;tk&#x131; Ko&#xE7;man &#xDC;niversitesi Su &#xDC;r&#xFC;nleri Fak&#xFC;ltesi</subfield>
  </datafield>
  <datafield tag="245" ind1=" " ind2=" ">
    <subfield code="a">Marmaris K&#xF6;rfezi su kalitesi ve biyolojik ara&#x15F;t&#x131;rma sonu&#xE7; raaporu</subfield>
    <subfield code="c">Mu&#x11F;la S&#x131;tk&#x131; Ko&#xE7;man &#xDC;niversitesi Su &#xDC;r&#xFC;nleri Fak&#xFC;ltesi; [ara&#x15F;t&#x131;rmac&#x131;lar] Nuri Tarkan, ... [ve &#xF6;te.] </subfield>
  </datafield>
  <datafield tag="260" ind1=" " ind2=" ">
    <subfield code="a">Mu&#x11F;la</subfield>
    <subfield code="b">Mu&#x11F;la S&#x131;tk&#x131; Ko&#xE7;man &#xDC;niversitesi Su &#xDC;r&#xFC;nleri Fak&#xFC;ltesi</subfield>
    <subfield code="c">2013</subfield>
  </datafield>
  <datafield tag="300" ind1=" " ind2=" ">
    <subfield code="a">287 s.</subfield>
    <subfield code="b">tbl. ; grf.; fot&#x11F;.</subfield>
    <subfield code="c">28 sm.</subfield>
  </datafield>
  <datafield tag="504" ind1=" " ind2=" ">
    <subfield code="a">Kaynak&#xE7;a var.</subfield>
  </datafield>
  <datafield tag="650" ind1=" " ind2=" ">
    <subfield code="a">Marmaris K&#xF6;rfezi</subfield>
    <subfield code="x">Biyoloji</subfield>
    <subfield code="y">Ara&#x15F;t&#x131;rma</subfield>
  </datafield>
  <datafield tag="650" ind1=" " ind2=" ">
    <subfield code="a">Su &#xFC;r&#xFC;nleri</subfield>
    <subfield code="x">Ara&#x15F;t&#x131;rma ve inceleme</subfield>
    <subfield code="z">Marmaris</subfield>
  </datafield>
  <datafield tag="700" ind1=" " ind2=" ">
    <subfield code="a">Tarkan, Nuri</subfield>
  </datafield>
  <datafield tag="942" ind1=" " ind2=" ">
    <subfield code="2">ddc</subfield>
    <subfield code="c">BKS</subfield>
  </datafield>
  <datafield tag="952" ind1=" " ind2=" ">
    <subfield code="a">0001</subfield>
    <subfield code="b">0001</subfield>
    <subfield code="d">2016-10-07</subfield>
    <subfield code="e">2</subfield>
    <subfield code="l">0</subfield>
    <subfield code="o">551.4805621425 M83m 2013 </subfield>
    <subfield code="p">005699</subfield>
    <subfield code="r">2016-10-07 00:00:00</subfield>
    <subfield code="v">0.00</subfield>
    <subfield code="w">2016-10-07</subfield>
    <subfield code="y">BKS</subfield>
  </datafield>
  <datafield tag="999" ind1=" " ind2=" ">
    <subfield code="c">3912</subfield>
    <subfield code="d">3912</subfield>
  </datafield>
</record>
